| 000 | 01167nam a2200349Ia 4500 | ||
|---|---|---|---|
| 001 | Z_6880 | ||
| 003 | CHAP | ||
| 008 | 220113s9999 xx 000 0 und d | ||
| 010 | _a170154 | ||
| 020 | _a978-0-8138-0473-6 (papel alcalino) \ 0-8138-0473-6 (papel alcalino) | ||
| 040 | _cCHAP | ||
| 082 | _a636.0893 W45 | ||
| 245 |
_aThe well-being of farm animals : challenges and solutions / _ceditores G. John Benson y Bernard E. Rollin. |
||
| 260 |
_aAmes, Iowa; Estados Unidos de América : _bBlackwell, _c |
||
| 300 | _ax, 378 p. | ||
| 440 |
_aIssues in animal bioethics series / editor de serie Bernad E. Rollin _9146236 |
||
| 503 | _aej.1: C/E \ ej.2: C/E | ||
| 504 | _aIncluye bibliografía | ||
| 650 |
_aBienestar animal _912634 |
||
| 650 |
_aGanadería _x _x Aspectos sociales _9146237 |
||
| 650 |
_aIndustria de animales _x _x Aspectos morales y éticos. _9146238 |
||
| 650 |
_aMedicina veterinaria _9137478 |
||
| 650 |
_aSalud animal _9101809 |
||
| 700 |
_a Rollin, Bernard E. _999451 |
||
| 700 |
_aBenson, G. John. ed. _9146239 |
||
| 901 | _a636.0893 W45 | ||
| 902 | _aM | ||
| 910 | _a | ||
| 942 | _c1 | ||
| 942 | _cc1 | ||
| 999 |
_c170154 _d170154 |
||